El mundo silencioso / (Record no. 459)
[ view plain ]
| 000 -CABECERA | |
|---|---|
| fixed length control field | 00941nam a22002417a 4500 |
| 003 - IDENTIFICADOR DEL NÚMERO DE CONTROL | |
| control field | AR-CdUCM |
| 008 - DATOS DE LONGITUD FIJA--INFORMACIÓN GENERAL | |
| fixed length control field | 190223b ||||| |||| 00| 0 spa d |
| 040 ## - FUENTE DE LA CATALOGACIÓN | |
| Agencia/entidad que catalogó originalmente la obra | MUNICIPALIDAD PROVINCIAL DEL CUSCO |
| Entidad que transcribió la catalogación | BIBLIOTECA MUNICIPAL DEL CUSCO |
| 082 ## - NÚMERO DE LA CLASIFICACIÓN DECIMAL DEWEY | |
| No. de la edición | 7ed. |
| No. de Clasificación | 848.9 / |
| Notacion interna | C85 |
| 100 ## - ENTRADA PRINCIPAL--NOMBRE DE PERSONA | |
| Nombre Personal | Cousteau, J. Y. |
| 245 ## - MENCIÓN DE TÍTULO | |
| Título | El mundo silencioso / |
| Mención de responsabilidad | Cousteau, J. Y. ; Dumas, Frederic ; Ribera Jorda, Antonio (traductor) |
| 260 ## - PUBLICACIÓN, DISTRIBUCIÓN, ETC. | |
| Lugar de publicación, distribución, etc. | Buenos Aires - Argentina : |
| Nombre de la editorial, distribuidor, etc. | Ediciones selectas, |
| Fecha de publicación, distribución, etc. | 1964. |
| 300 ## - DESCRIPCIÓN FÍSICA | |
| Nº de Páginas Extensión | 233 páginas ; |
| Otros detalles físicos | fotografías, |
| Dimensiones | 20 cm. |
| 505 ## - NOTA DE CONTENIDO CON FORMATO | |
| Nota de contenido formateada | Los hombres pez -- El éxtasis de las profundidades -- Barcos naufragados -- El dirigible submarino -- Jugando con los tiburones ... |
| 650 ## - PUNTO DE ACCESO ADICIONAL DE MATERIA--TÉRMINO DE MATERIA | |
| Descriptor | Cuentos Franceses. |
| 9 (RLIN) | 1817 |
| 650 ## - PUNTO DE ACCESO ADICIONAL DE MATERIA--TÉRMINO DE MATERIA | |
| Descriptor | Siglo XX. |
| 9 (RLIN) | 8 |
| 650 ## - PUNTO DE ACCESO ADICIONAL DE MATERIA--TÉRMINO DE MATERIA | |
| Descriptor | Historia. |
| 9 (RLIN) | 136 |
| 700 ## - PUNTO DE ACCESO ADICIONAL--NOMBRE DE PERSONA | |
| Nombre Personal | Dumas, Frederic |
| 9 (RLIN) | 1818 |
| 700 ## - PUNTO DE ACCESO ADICIONAL--NOMBRE DE PERSONA | |
| Nombre Personal | Ribera Jorda, Antonio (traductor) |
| 9 (RLIN) | 1819 |
| 942 ## - ELEMENTOS DE PUNTO DE ACCESO ADICIONAL (KOHA) | |
| Fuente de clasificación | |
| Tipo de item | Libros-BMC |
| 945 ## - PROCESAMIENTO DE INFORMACIÓN LOCAL (OCLC) | |
| Catalogador | achl |
| AAAA-MM-DD - Fecha de ingreso o modificacion | 2019-02-23 |
No items available.